000 00287nam a22001217a 4500
008 181030b xxu||||| |||| 00| 0 eng d
041 _aeng
080 _25th
_a038
100 _a23
101 _aENC
245 _aVan Nostrand's Scientific Encyclopedia
_cConsidine,D,N
942 _2udc
_cBK
999 _c51067
_d51067